World's famous unforgettable stories / (Record no. 180673)

MARC details
000 -LEADER
fixed length control field 00574nam a22001937a 4500
005 - DATE AND TIME OF LATEST TRANSACTION
control field 20210813143604.0
010 ## - LCCN (DPL NO)
LC control number B-741107
020 ## - INTERNATIONAL STANDARD BOOK NUMBER
International Standard Book Number 8188539036
Terms of availability 650.00
035 ## - SYSTEM CONTROL NUMBER
System control number B-741107
037 ## - SOURCE OF ACQUISITION
Source of stock number/acquisition Gift
082 ## - DEWEY DECIMAL CLASSIFICATION NUMBER
Classification number S
100 ## - MAIN ENTRY--PERSONAL NAME
Personal name Joshi, Dinesh
245 ## - TITLE STATEMENT
Title World's famous unforgettable stories /
Statement of responsibility, etc by Dinesh Joshi
260 ## - PUBLICATION, DISTRIBUTION, ETC. (IMPRINT)
Place of publication, distribution, etc New Delhi
Name of publisher, distributor, etc Akshar Mala
Date of publication, distribution, etc 2020
270 ## - ADDRESS
Address A-47, Amar Colony, Lajpat Nagar
City New Delhi
Postal code 110024
300 ## - PHYSICAL DESCRIPTION
Extent 248p.:
Dimensions 22cm(Hb)
Other physical details ill.
942 ## - ADDED ENTRY ELEMENTS (KOHA)
Source of classification or shelving scheme Dewey Decimal Classification
Item type Children Books
Classification part S
Call number suffix JOS
Holdings
Withdrawn status Lost status Not for loan Collection code Home library Current library Date acquired Source of acquisition Cost, normal purchase price Full call number Barcode Copy number Cost, replacement price Koha item type Public note
      Fiction Central Library Central Library 13/08/2021 Gift/Eng/09-08-2021 650.00 S JOS B-741107 1 650.00 Children Books Gift

© Delhi Public Library
Hit Counter
free hit counter